El eneagrama de la sociedad: males del mundo, males del alma
Gespeichert in:
| 1. Verfasser: | |
|---|---|
| Format: | Buch |
| Sprache: | Spanisch |
| Veröffentlicht: |
Santiago
JC Sáez
1995
|
| Ausgabe: | 1a. ed |
| Schlagworte: | |
| Tags: |
Tag hinzufügen
Keine Tags, Fügen Sie den ersten Tag hinzu!
|
MARC
| LEADER | 00000nam a2200000 a 4500 | ||
|---|---|---|---|
| 001 | UCI9877 | ||
| 003 | CL-VaPUC | ||
| 008 | 081212e19950000CL |||||||||||||||||spa|d | ||
| 020 | |a 9567802572 | ||
| 082 | 0 | 4 | |a 302.2 |b NAR |2 21 |
| 100 | |a Naranjo, Claudio Benjamín |e autor |9 533876 | ||
| 245 | 1 | 3 | |a El eneagrama de la sociedad: males del mundo, males del alma |
| 250 | |a 1a. ed | ||
| 300 | |a 196 p | ||
| 942 | |c BK | ||
| 945 | |d 20081212 00:00:00 |a jtorresc | ||
| 260 | |a Santiago |b JC Sáez |c 1995 | ||
| 650 | 7 | |a COMUNICACION HUMANA |2 CL-VaPUC |9 373516 | |
| 650 | 7 | |a AXIOMAS |2 CL-VaPUC |9 533877 | |
| 650 | 0 | |a Personalidad |9 307255 | |
| 650 | 7 | |a ENEAGRAMA |2 CL-VaPUC |9 392460 | |
| 583 | |a last modification |c 20081212 00:00:00 |k Rodrigo Vera | ||
| 999 | |c 332324 |d 332322 | ||
| 952 | |0 0 |1 0 |4 0 |6 302_200000000000000_NAR_1995 |7 0 |8 A |9 419933 |a BIBEDU |b BIBEDU |d 2019-11-22 |i 4505352 |l 2 |m 2 |o 302.2 NAR 1995 |p 4505352 |r 2024-05-22 |s 2024-05-02 |w 2019-11-22 |y BK |k EPE | ||